Normal view
MARC view
- QUANTITATIVE CHEMICAL ANALYSIS
Entry Topical Term
001 - CONTROL NUMBER
- control field: 73831
003 - CONTROL NUMBER IDENTIFIER
- control field: NUST
005 - DATE AND TIME OF LATEST TRANSACTION
- control field: 20210628205105.0
008 - FIXED-LENGTH DATA ELEMENTS
- fixed length control field: 210628|| aca||aabn | a|a d
040 ## - CATALOGING SOURCE
- Original cataloging agency: NUST
- Transcribing agency: NUST
150 ## - HEADING--TOPICAL TERM
- Topical term or geographic name entry element: QUANTITATIVE CHEMICAL ANALYSIS
670 ## - SOURCE DATA FOUND
- Source citation: Work cat.: (NUST): Mendham, J,Denney, R.C,Barnes, J.D,Thomas, M.J.K 73830, Vogel's textbook of quantitative chemical analysis, 2007
